বঙ্গবন্ধু শেখ মুজিব: (Record no. 27730)

MARC details
000 -LEADER
fixed length control field 01096nam a22002177a 4500
003 - CONTROL NUMBER IDENTIFIER
control field BDDh-ASL
005 - DATE AND TIME OF LATEST TRANSACTION
control field 20231015030806.0
008 - FIXED-LENGTH DATA ELEMENTS--GENERAL INFORMATION
fixed length control field 200927b2008 b ||||| |||| 00| 0 b d
020 ## - INTERNATIONAL STANDARD BOOK NUMBER
International Standard Book Number 9847112012
040 ## - CATALOGING SOURCE
Original cataloging agency BDDh-ASL
Transcribing agency BDDh-ASL
Modifying agency BDDh-ASL
041 ## - LANGUAGE CODE
Language code of text/sound track or separate title Bengali
082 ## - DEWEY DECIMAL CLASSIFICATION NUMBER
Classification number 923.2
Item number MAB
100 1# - MAIN ENTRY--PERSONAL NAME
9 (RLIN) 1790
Personal name মতিন, আবদুল
245 #0 - TITLE STATEMENT
Title বঙ্গবন্ধু শেখ মুজিব:
Remainder of title কয়েকটি ঐতিহাসিক দলিল /
246 ## - VARYING FORM OF TITLE
Title proper/short title Bangabandhu Sheikh Mukib
260 ## - PUBLICATION, DISTRIBUTION, ETC.
Place of publication, distribution, etc. ঢাকা:
Name of publisher, distributor, etc. র‌্যাডিক্যাল এশিয়া পাবলিকেশান্স,
Date of publication, distribution, etc. ২০০৮।
300 ## - PHYSICAL DESCRIPTION
Extent ১৯২ পৃষ্ঠা:
Dimensions ২২ সে. মি.।
600 #0 - SUBJECT ADDED ENTRY--PERSONAL NAME
9 (RLIN) 1174
Personal name রহমান, শেখ মুজিবুর
Titles and other words associated with a name বঙ্গবন্ধু
650 #0 - SUBJECT ADDED ENTRY--TOPICAL TERM
9 (RLIN) 4442
Topical term or geographic name entry element বঙ্গবন্ধু (Bangabandhu) শেখ মুজিবুর রহমান (Sheikh Mujibur Rahman)
General subdivision মুক্তিযুদ্ধ (Muktijuddha) Liberation War
Geographic subdivision বাংলাদেশ (Bangladesh)
942 ## - ADDED ENTRY ELEMENTS (KOHA)
Source of classification or shelving scheme Dewey Decimal Classification
Koha item type Books
Holdings
Withdrawn status Lost status Source of classification or shelving scheme Damaged status Not for loan Collection code Home library Current library Shelving location Date acquired Source of acquisition Total Checkouts Full call number Barcode Date last seen Copy number Price effective from Koha item type
    Dewey Decimal Classification     Non-fiction Asiatic Society Library Asiatic Society Library General Stacks 11/09/2021 ASB Library Collection   923.2 MAB 113908 11/09/2021 C-1 11/09/2021 Books

Powered by Koha